Toute les map zombie de Call of duty - Statistiques

Statistiques générales
  • Ce quiz a été pris 53 fois
  • Le résultat moyen est 30 sur 73
Statistiques - réponses
Nom du
Call of duty
reponse % Correct
Black ops 1 Kino der toten
91%
Black ops 1 Moon
88%
Black ops 2 Tranzit
88%
Black ops 2 Mob of the dead
86%
Black ops 2 Origins
86%
Black ops 1 Shangri-la
86%
Black ops 1 Ascension
84%
Black ops 2 Farm (Ferme)
79%
Waw Nacht der untoten
79%
Waw Shi no numa
79%
Vanguard Shi No Numa (Marais mort)
79%
Waw Verrückt
79%
Black ops 2 Buried
77%
Black ops 1 Five
77%
Black ops 3 Shadow of evil
77%
Black ops 2 Town (ville)
77%
Waw Der riese
74%
Black ops 1 Call of the dead
70%
Black ops 2 Die rise
70%
Black ops 3 Revelation
67%
Black ops 3 The Giant
67%
Black ops 1 Dead ops arcade
65%
Black ops 3 Gorod krovi
65%
Black ops 3 Der eisendrache
60%
Black ops 2 Nuketown zombie
60%
Black ops 2 Bus depot (depot)
58%
Black ops 4 IX
49%
Black ops 3 Dead ops arcade 2
47%
Black ops 3 Zetsubou no shima
44%
Black ops 4 Alpha Omega
40%
Black ops 4 Blood of the Dead (sang des morts)
40%
Black ops 4 Dead of the Night (Mort de la nuit)
37%
Cold war Dead ops arcade 3
37%
Cold war Die maschine (la machine)
37%
Cold war Firebase Z (Base de feu Z)
37%
Black ops 6 Liberty Falls (Chutes de la Liberté)
35%
Black ops 4 Tag der Toten (Jour des Morts)
35%
Black ops 6 Citadelle Des Morts
33%
Cold war Mauer der toten (Mur des morts)
33%
Black ops 6 Terminus
33%
Black ops 4 Ancient Evil (mal ancien)
30%
Black ops 4 Classified
30%
WWII The Final Reich (Le dernier Reich)
30%
Black ops 4 Voyage of Despair (Voyage du désespoir)
30%
Cold war Forsaken (Abandonné)
28%
Advanced Warfare Infection
23%
Black ops 6 The Tomb (Le tombeau)
23%
Infinite warfare Attack of the Radioactive Thing
21%
Advanced Warfare Outbreak
21%
Black ops 6 Shattered Veil
21%
Infinite warfare Shaolin Shuffle
19%
Infinite warfare Rave in the Redwoods
16%
Black ops 6 Reckoning (compte)
16%
Infinite warfare The Beast From Beyond
16%
Advanced Warfare Carrier
14%
Vanguard The Archon
14%
Vanguard Der Anfang (Le début)
12%
Advanced Warfare Descent
12%
Vanguard Terra Maledicta (Terre maudite)
12%
WWII Gröesten Haus (Grande maison)
9%
Black ops Nintendo DS House
9%
MW3 Operation Deadbolt (Opération Pêne Dormant)
9%
WWII The Darkest Shore (Le rivage le plus sombre)
9%
WWII Bodega Cervantes
7%
Black ops Nintendo DS Overlook
7%
Black ops Nintendo DS Temple
7%
WWII The Frozen Dawn (L'aube gelée)
7%
WWII The Shadowed Throne (Le trône ombragé)
7%
WWII The Tortured Path (Le chemin torturé)
7%
WWII Altar of Blood (Autel du sang)
5%
WWII U.S.S Mount Olympus (USS Mont Olympe)
5%
Infinite warfare Zombies in Spacland
5%
Black ops Nintendo DS Facility
2%
Aucun quiz correspondant
Distribution des résultats
% des personnes avec chaque résultat
Percentile par nombre de réponses
Votre historique - résultats
Vous n’avez pas pris ce quiz